| 000 | 00357nam a22001457a 4500 | ||
|---|---|---|---|
| 008 | 210312b ||||| |||| 00| 0 eng d | ||
| 020 | _a9780135022467 | ||
| 041 | _aeng | ||
| 080 | _a004 | ||
| 082 | _a004 | ||
| 100 | _a28 | ||
| 101 | _aSHKI | ||
| 245 |
_aData Communications and Networking Fundamentals Using Novell NetWare _cRamos, E |
||
| 942 |
_2udc _cBK |
||
| 999 |
_c56490 _d56490 |
||